000 01624nab a22002177a 4500
999 _c5709
_d5709
003 OSt
005 20251230233317.0
008 190605e xxu||||| |||| 00| 0 spa d
040 _cPJ
100 _95388
_aBalbín, Adolfo N.
245 1 0 _aBreve reseña de las modificaciones que la Ley Bases incorporó a la LCT /
_cAdolfo N. Balbín.
260 _aCiudad Autónoma de Buenos Aires :
_bThomson Reuters La Ley,
_c2024.
300 _ap. 38-52
500 _aCita: TR LALEY AR/DOC/2092/2024
505 _a Sumario: I. Introducción y objetivos.— II. Modificación en cuanto al ámbito de aplicación.— III. Reforma a la figura de la presunción del contrato de trabajo.— IV. Modificación en el terreno de la responsabilidad solidaria.— V. Reformas en el terreno de las modalidades contractuales.— VI. Remuneraciones, contratistas e intermediarios.— VII. Modificación en el tema atinente al trabajo de mujeres.— VIII. Modificación en el campo de la extinción del contrato de trabajo: el despido discriminatorio.— IX. Nuevos elementos en el marco del despido por justa causa.— X. Del art. 245 al fondo de cese laboral, sistema privado a costa del empleador y auto aseguro.— XI. Trabajadores independientes con colaboradores.— XII. Palabras finales.
505 _t¿Te interesa el texto completo? Solicitalo al correo: koha@justierradelfuego.gov.ar
650 0 _91316
_aDERECHO LABORAL
650 0 _91391
_aREFORMA LABORAL
773 0 _02711
_93168
_dCiudad Autónoma de Buenos Aires : Thomson Reuters La Ley, 1999-2002.
_tRevista de derecho del trabajo. Nº 5 - Septiembre 2024
942 _2udc
_cANA